000 00355pab a2200145 454500
008 180718b2015 xxu||||| |||| 00| 0 eng d
100 _aRoy, Dunu
245 _aA subaltern view of climate change
260 _c2015
300 _ap.31-39.
362 _a1 Aug
650 _aClimatic change
773 _aEconomic and Political Weekly
909 _a109049
999 _c109044
_d109044